Loading...
| Current Events | 2 | 1 | 0 | 0 | 40 | 36 | 54.33 | 2 | 3 | 0.00 | 0.00 |
| Fine Arts - Visual | 0 | 3 | 0 | 0 | 30 | 81 | 97.33 | 0 | 3 | 0.00 | 0.00 |
| 0 | 2 | 1 | 0 | 15 | 77 | 107.50 | 1 | 1 | 0.00 | 0.00 | |
| History - European | 0 | 2 | 1 | 0 | 15 | 115 | 123.50 | 0 | 1 | 0.00 | 0.00 |
| Science - Physics | 0 | 2 | 1 | 2 | 15 | 126 | 126.50 | 0 | 2 | 0.00 | 0.00 |
| Beliefs | 0 | 1 | 0 | 1 | 10 | 150 | 150.00 | 0 | 0 | 0.00 | 0.00 |
| World and Other Literature | 0 | 1 | 0 | 0 | 10 | 107 | 107.00 | 0 | 1 | 0.00 | 0.00 |
| Other Academic | 0 | 1 | 0 | 0 | 10 | 106 | 106.00 | 0 | 0 | 0.00 | 0.00 |
| Other Science: Math | 0 | 1 | 0 | 0 | 10 | 141 | 141.00 | 0 | 1 | 0.00 | 0.00 |
| British and Commonwealth History | 0 | 0 | 0 | 0 | 0 | 0.00 | 0 | 0 | 0.00 | 0.00 | |
| Geography | 0 | 0 | 1 | 0 | -5 | 0.00 | 0 | 0 | 0.00 | 0.00 | |
| History - World | 0 | 0 | 1 | 0 | -5 | 0.00 | 0 | 0 | 0.00 | 0.00 | |
| History - American | 0 | 0 | 1 | 0 | -5 | 0.00 | 0 | 0 | 0.00 | 0.00 |